NFC champions since 2010 - Statistics

General Stats
  • This quiz has been taken 32 times
  • The average score is 14 of 16
Answer Stats
Hint Answer % Correct
2021 Los Angeles Rams
95%
2018 Los Angeles Rams
95%
2025 Seattle Seahawks
95%
2014 Seattle Seahawks
95%
2013 Seattle Seahawks
95%
2010 Green Bay Packers
90%
2024 Philadelphia Eagles
90%
2022 Philadelphia Eagles
90%
2017 Philadelphia Eagles
90%
2023 San Francisco 49ers
86%
2019 San Francisco 49ers
86%
2012 San Francisco 49ers
86%
2015 Carolina Panthers
81%
2020 Tampa Bay Buccaneers
81%
2011 New York Giants
76%
2016 Atlanta Falcons
71%
No matching quizzes found
Score Distribution
Percent of People with Each Score
Percentile by Number Answered
Your Score History
You have not taken this quiz